All Collectable Plant Cards in Plants vs. Zombies Heroes - Statistics

General Stats
  • This quiz has been taken 67 times
  • The average score is 107 of 251
Answer Stats
Class Sun Answer % Correct
Guardian 1 Wall-Nut
88%
Mega-Grow 1 Peashooter
80%
Solar 1 Sunflower
80%
Solar 1 Primal Sunflower
76%
Kabloom 0 Puff-Shroom
76%
Solar 0 Lil' Buddy
72%
Guardian 1 Primal Potato Mine
72%
Smarty 1 Admiral Navy Bean
68%
Solar 10 Cornucopia
68%
Smarty 5 Melon-Pult
68%
Guardian 1 Potato Mine
68%
Mega-Grow 3 Repeater
68%
Guardian 1 Small-Nut
68%
Solar 2 Twin Sunflower
68%
Solar 5 Aloesaurus
64%
Guardian 2 Cactus
64%
Guardian 1 Forget-Me-Nuts
64%
Kabloom 1 Shroom for Two
64%
Guardian 7 Soul Patch
64%
Smarty 6 Winter Melon
64%
Kabloom 2 Berry Blast
60%
Smarty 3 Cattail
60%
Solar 4 Chomper
60%
Smarty 5 Threepeater
60%
Guardian 9 Wall-Nut Bowling
60%
Kabloom 1 Astro-Shroom
56%
Kabloom 2 Buff-Shroom
56%
Mega-Grow 2 Cabbage-Pult
56%
Mega-Grow 3 Captain Cucumber
56%
Solar 6 Cob Cannon
56%
Smarty 8 Dark Matter Dragonfruit
56%
Guardian 2 Grave Buster
56%
Kabloom 1 Hot Lava
56%
Kabloom 8 Kernel Corn
56%
Smarty 1 Lily Pad
56%
Guardian 6 Poppin' Poppies
56%
Smarty 1 Primal Peashooter
56%
Guardian 3 Primal Wall-Nut
56%
Guardian 1 Sting Bean
56%
Solar 2 Sun-Shroom
56%
Guardian 2 Tricarrotops
56%
Kabloom 3 Veloci-Radish Hunter
56%
Solar 3 2nd-Best Taco of All Time
52%
Mega-Grow 6 Apotatosaurus
52%
Solar 5 Astrocado
52%
Solar 8 Astro Vera
52%
Guardian 2 Corn Dog
52%
Solar 3 Cosmic Flower
52%
Guardian 4 Cosmic Nut
52%
Mega-Grow 3 Cosmic Pea
52%
Guardian 5 Doom-Shroom
52%
Solar 4 Elderberry
52%
Smarty 1 Iceberg Lettuce
52%
Solar 1 Kernel-Pult
52%
Smarty 1 Mars Flytrap
52%
Smarty 4 Navy Bean
52%
Guardian 3 Pear Cub
52%
Guardian 2 Sea-Shroom
52%
Kabloom 2 Seedling
52%
Smarty 2 Snow Pea
52%
Guardian 2 Spikeweed Sector
52%
Solar 5 Squash
52%
Smarty 1 Weenie Beanie
52%
Kabloom 1 Banana Bomb
48%
Solar 1 Bellflower
48%
Guardian 4 Blockbuster
48%
Solar 5 Briar Rose
48%
Smarty 2 Cosmic Bean
48%
Mega-Grow 5 Gatling Pea
48%
Kabloom 5 Gloom-Shroom
48%
Guardian 5 Grizzly Pear
48%
Smarty 4 Jelly Bean
48%
Smarty 5 Jumping Bean
48%
Solar 4 Lawnmower
48%
Smarty 1 Lima-Pleurodon
48%
Kabloom 4 Molekale
48%
Guardian 5 Pecanolith
48%
Kabloom 3 Poison Ivy
48%
Kabloom 6 Poison Oak
48%
Kabloom 5 Sizzle
48%
Smarty 3 Spring Bean
48%
Guardian 4 Starch-Lord
48%
Mega-Grow 5 The Red Plant-It
48%
Mega-Grow 1 Torchwood
48%
Solar 3 Venus Flytrap
48%
Solar 2 Apple-Saucer
44%
Kabloom 2 Banana Launcher
44%
Mega-Grow 4 Bananasaurus Rex
44%
Mega-Grow 4 Banana Split
44%
Mega-Grow 2 Black-Eyed Pea
44%
Solar 4 Bloomerang
44%
Kabloom 1 Blooming Heart
44%
Guardian 5 Body-Gourd
44%
Smarty 6 Brainana
44%
Kabloom 1 Button Mushroom
44%
Kabloom 6 Cherry Bomb
44%
Mega-Grow 2 Coffee Grounds
44%
Kabloom 3 Cosmic Mushroom
44%
Mega-Grow 2 Fire Peashooter
44%
Kabloom 2 Fireweed
44%
Guardian 1 Garlic
44%
Kabloom 7 Grapes of Wrath
44%
Guardian 6 Gravitree
44%
Guardian 3 Hibernating Beary
44%
Guardian 2 Hot Date
44%
Guardian 2 Jugger-Nut
44%
Solar 3 Ketchup Mechanic
44%
Kabloom 5 Lava Guava
44%
Smarty 2 Lightning Reed
44%
Guardian 6 Loco Coco
44%
Guardian 3 Marine Bean
44%
Guardian 4 Mirror-Nut
44%
Mega-Grow 5 Onion Rings
44%
Mega-Grow 4 Plant Food
44%
Kabloom 1 Poison Mushroom
44%
Smarty 4 Snapdragon
44%
Smarty 1 Snowdrop
44%
Mega-Grow 2 Split Pea
44%
Solar 3 Sunnier-Shroom
44%
Solar 6 Three-Headed Chomper
44%
Kabloom 1 Veloci-Radish Hatchling
44%
Guardian 2 Water Chestnut
44%
Mega-Grow 1 Bonk Choy
40%
Mega-Grow 1 Clique Peas
40%
Mega-Grow 2 Doubled Mint
40%
Mega-Grow 8 Espresso Fiesta
40%
Solar 2 Eyespore
40%
Guardian 4 Force Field
40%
Solar 2 Fume-Shroom
40%
Guardian 1 Galacta-Cactus
40%
Solar 1 Haunted Pumpking
40%
Guardian 3 Health-Nut
40%
Smarty 2 Laser Cattail
40%
Smarty 3 Mayflower
40%
Mega-Grow 3 Muscle Sprout
40%
Guardian 3 Pea-Nut
40%
Solar 2 Pepper M.D.
40%
Guardian 1 Photosynthesizer
40%
Kabloom 4 Pineclone
40%
Smarty 3 Planet of the Grapes
40%
Guardian 3 Shamrocket
40%
Smarty 4 Shrinking Violet
40%
Kabloom 4 Sour Grapes
40%
Kabloom 3 Strawberrian
40%
Mega-Grow 2 Sweet Pea
40%
Mega-Grow 1 Sweet Potato
40%
Smarty 9 The Great Zucchini
40%
Guardian 3 Three-Nut
40%
Solar 6 Toadstool
40%
Kabloom 4 Transfiguration
40%
Mega-Grow 1 Umbrella Leaf
40%
Solar 3 Whack-a-Zombie
40%
Solar 4 Wing-Nut
40%
Smarty 4 Winter Squash
40%
Mega-Grow 1 Banana Peel
36%
Kabloom 5 Bluesberry
36%
Smarty 3 Chilly Pepper
36%
Kabloom 6 Dandy Lion King
36%
Kabloom 5 Electric Blueberry
36%
Mega-Grow 3 Fertilize
36%
Mega-Grow 3 Grape Power
36%
Mega-Grow 1 Half-Banana
36%
Kabloom 3 Imitater
36%
Kabloom 3 Invasive Species
36%
Mega-Grow 2 Lily of the Valley
36%
Solar 4 Metal Petal Sunflower
36%
Solar 1 Morning Glory
36%
Kabloom 3 Mushroom Grotto
36%
Kabloom 4 Pair of Pears
36%
Mega-Grow 2 Pea Patch
36%
Mega-Grow 1 Pea Pod
36%
Guardian 2 Pismashio
36%
Kabloom 3 Punish-Shroom
36%
Kabloom 1 Reincarnation
36%
Mega-Grow 4 Re-Peat Moss
36%
Smarty 2 Rotobaga
36%
Solar 2 Sage Sage
36%
Smarty 6 Sap-Fling
36%
Kabloom 2 Shelf Mushroom
36%
Smarty 1 Shellery
36%
Guardian 5 Smackadamia
36%
Smarty 5 Smoosh-Shroom
36%
Mega-Grow 3 Typical Beanstalk
36%
Solar 2 Water Balloons
36%
Smarty 4 Bean Counter
32%
Smarty 3 Cool Bean
32%
Guardian 2 Gardening Gloves
32%
Smarty 3 Go-Nuts
32%
Guardian 1 Grape Responsibility
32%
Smarty 2 Grave Mistake
32%
Mega-Grow 3 Grow-Shroom
32%
Guardian 4 Guacodile
32%
Solar 4 Heartichoke
32%
Kabloom 1 High-Voltage Currant
32%
Solar 6 Laser Bean
32%
Smarty 4 Leaf Blower
32%
Kabloom 3 Mushroom Ringleader
32%
Kabloom 4 Petal-Morphosis
32%
Guardian 3 Plantern
32%
Solar 5 Power Flower
32%
Guardian 4 Prickly Pear
32%
Guardian 3 Pumpkin Shell
32%
Mega-Grow 4 Savage Spinach
32%
Kabloom 4 Sergeant Strongberry
32%
Smarty 5 Shooting Starfruit
32%
Mega-Grow 4 Skyshooter
32%
Solar 6 Smashing Pumpkin
32%
Solar 3 Solar Winds
32%
Kabloom 4 Sonic Bloom
32%
Solar 4 Sun Strike
32%
Solar 6 Tactical Cuke
32%
Smarty 3 Vanilla
32%
Solar 4 Venus Flytraplanet
32%
Kabloom 2 Wild Berry
32%
Kabloom 5 Atomic Bombegranate
28%
Kabloom 3 Berry Angry
28%
Smarty 4 Carrotillery
28%
Solar 1 Cosmoss
28%
Mega-Grow 3 Flourish
28%
Solar 3 Jack O' Lantern
28%
Solar 3 Magnifying Grass
28%
Solar 3 Mixed Nuts
28%
Kabloom 4 Pair Pearadise
28%
Mega-Grow 1 Party Thyme
28%
Mega-Grow 5 Pod Fighter
28%
Smarty 4 Snake Grass
28%
Mega-Grow 6 Super-Phat Beets
28%
Mega-Grow 3 The Podfather
28%
Guardian 5 Tough Beets
28%
Smarty 6 Tricorn
28%
Mega-Grow 5 Whipvine
28%
Kabloom 3 Zapricot
28%
Mega-Grow 6 Bamboozle
24%
Smarty 5 Bird of Paradise
24%
Smarty 2 Bog of Enlightenment
24%
Smarty 5 Jolly Holly
24%
Smarty 2 Pear Pal
24%
Mega-Grow 5 Plucky Clover
24%
Guardian 4 Red Stinger
24%
Smarty 2 Sow Magic Beans
24%
Guardian 3 Spineapple
24%
Smarty 3 Sportacus
24%
Guardian 3 Steel Magnolia
24%
Solar 3 Sunflower Seed
24%
Smarty 4 Witch Hazel
24%
Kabloom 3 Cro-Magnolia
20%
Mega-Grow 5 Potted Powerhouse
20%
Smarty 3 Rescue Radish
20%
Smarty 1 Spyris
20%
Mega-Grow 3 Moonbean
16%
Mega-Grow 2 Vegetation Mutation
16%
No matching quizzes found
Score Distribution
Percent of People with Each Score
Percentile by Number Answered
Your Score History
You have not taken this quiz